Chicago “L” Stations - Statistics

General Stats
  • This quiz has been taken 31 times
  • The average score is 81 of 143
Answer Stats
Line(s) Station % Correct
Red Lake
87%
Orange Midway
87%
Green, Pink | Orange Ashland
80%
Blue | Green | Pink California
80%
Blue | Brown, Purple | Red Chicago
80%
Blue O’Hare
80%
Blue Rosemont
80%
Blue | Purple, Brown, Red Belmont
73%
Blue Harlem
73%
Blue Washington
73%
Purple Dempster
67%
Brown, Orange,Pink, Purple Harold Washington Library/State-Van Buren
67%
Red Harrison
67%
Blue | Red Jackson
67%
Blue Jefferson Park
67%
Blue LaSalle
67%
Blue | Brown | Orange | Pink Western
67%
Red 63rd
60%
Red 69th
60%
Red 79th
60%
Red 95th-Dan Ryan
60%
Blue | Green Austin
60%
Red Bryn Mawr
60%
Blue | Green | Pink Cicero
60%
Green Cottage Grove
60%
Yellow Dempster-Skokie
60%
Brown, Purple Diversey
60%
Blue Forest Park
60%
Green | Orange Halsted
60%
Red, Purple, Yellow Howard
60%
Brown | Green | Orange | Pink Kedzie
60%
Brown Kimball
60%
Purple Linden
60%
Blue Logan Square
60%
Brown, Purple Merchandise Mart
60%
Blue | Red Monroe
60%
Blue | Brown Montrose
60%
Blue | Green Oak Park
60%
Yellow Oakton-Skokie
60%
Pink Polk
60%
Blue | Green | Orange | Pink Pulaski
60%
Green, Orange, Red Roosevelt
60%
Brown, Green,Orange, Pink, Purple State-Lake
60%
Pink 18th
53%
Orange 35th-Archer
53%
Green 43rd
53%
Green | Red 47th
53%
Green 51st
53%
Pink 54th-Cermak
53%
Red 87th
53%
Brown, Green,Orange, Pink, Purple Adams-Wabash
53%
Blue | Brown | Red Addison
53%
Red Argyle
53%
Brown, Purple Armitage
53%
Green Ashland-63rd
53%
Red Berwyn
53%
Blue | Brown | Pink Damen
53%
Purple Davis
53%
Purple Foster
53%
Brown Francisco
53%
Brown, Purple, Red Fullerton
53%
Green | Red Garfield
53%
Blue Illinois Medical District
53%
Green Indiana
53%
Blue | Brown Irving Park
53%
Blue Kedzie-Homan
53%
Green King Drive
53%
Green Laramie
53%
Purple Main
53%
Red Morse
53%
Red North-Clybourn
53%
Brown Paulina
53%
Brown, Orange,Pink, Purple Quincy
53%
Brown, Purple Sedgwick
53%
Red Sox-35th
53%
Blue UIC-Halsted
53%
Green | Purple Central
47%
Pink Central Park
47%
Red Cermak-Chinatown
47%
Green Cermak-McCormick Place
47%
Blue | Green, Pink Clinton
47%
Blue Cumberland
47%
Blue | Red Grand
47%
Red Granville
47%
Red Jarvis
47%
Pink Kostner
47%
Red Lawrence
47%
Green, Pink Morgan
47%
Purple Noyes
47%
Blue Racine
47%
Brown Rockwell
47%
Red Sheridan
47%
Purple South Boulevard
47%
Brown Southport
47%
Red Thorndale
47%
Brown, Purple Wellington
47%
Green 35th-Bronzeville-IIT
40%
Red Clark-Division
40%
Blue, Brown, Green,Orange, Pink, Purple Clark-Lake
40%
Green Conservatory-Central Park Drive
40%
Brown, Orange,Pink, Purple LaSalle-Van Buren
40%
Red Loyola
40%
Green Ridgeland
40%
Brown, Green,Orange, Pink, Purple Washington-Wabash
40%
Brown, Orange,Pink, Purple Washington-Wells
40%
Purple, Red Wilson
40%
Blue Divison
33%
Green Harlem-Lake
20%
No matching quizzes found
Score Distribution
Percent of People with Each Score
Percentile by Number Answered
Your Score History
You have not taken this quiz